01247nam a2200313Ia 4500001001200000003000800012006001900020007001500039008004100054020001800095020001800113040002100131035002100152050002400173100002300197245014700220260005800367300001800425490003200443504004100475533015200516650003000668650002700698655002900725700001900754710001700773856012600790999001700916ebr10627071CaPaEBRm u cr cn|||||||||111102s2012 dcua sb 000 0 eng d z9781475505177 z9781475534641 aCaPaEBRcCaPaEBR a(OCoLC)79798138714aHD62.15b.D5 2012eb1 aDi Fonzo, Tommaso.10aOn the extrapolation with the Denton proportional benchmarking methodh[electronic resource] /cprepared by Tommaso Di Fonzo and Marco Marini. aWashington, DC :bInternational Monetary Fund,c2012. a20 p. :bill.0 aIMF working paper ;v12/169 aIncludes bibliographical references. aElectronic reproduction.bPalo Alto, Calif. :cebrary,d2011.nAvailable via World Wide Web.nAccess may be limited to ebrary affiliated libraries. 0aBenchmarking (Management) 0aManagerial accounting. 7aElectronic books.2local1 aMarini, Marco.2 aebrary, Inc.40uhttp://site.ebrary.com/lib/rucke/Doc?id=10627071zAn electronic book accessible through the World Wide Web; click to view c68908d68908